[Event "DEN-chT 9798"]
[Site "Denmark"]
[Date "1998.02.01"]
[Round "5"]
[White "Christensen, Tobias"]
[Black "Andersen, Dan"]
[Result "1-0"]
[WhiteElo "2395"]
[BlackElo "2265"]

1.e4 c5 2.c3 Nf6 3.e5 Nd5 4.d4 cxd4 5.cxd4 e6 6.Nc3 Nxc3 7.bxc3 d6 8.Bf4 dxe5
9.Bxe5 Nc6 10.Nf3 Qa5 11.Qb3 Bd7 12.Bd3 Rc8 13.O-O Nxe5 14.Nxe5 Rc7 15.Nxd7 Kxd7
16.d5 Qxd5 17.Qa4+ Ke7 18.Rad1 Qc5 19.Kh1 g6 20.Qh4+ g5 21.Qg3 Bg7 22.f4 h6
23.f5 Rd7 24.Qf3 exf5 25.Rde1+ Kd8 26.Bxf5 Re7 27.Rd1+ Ke8 28.Qd3 Kf8 29.Bg6 Kg8
30.Qd8+ Bf8 31.Bh5 Kg7 32.Qd3 Rg8 33.Rf5 Qb6 34.Rdf1 Kh8 35.Bxf7 Re3 36.Qd5 Rg7
37.Be6 Be7 38.Rf8+ Bxf8 39.Rxf8+ Kh7 40.Bf5+ Rg6 41.Qg8+  1-0

[Event "FRA-chT"]
[Site "FRA"]
[Date "1998.02.07"]
[Round "2"]
[White "Glavina, Pablo"]
[Black "Rausis, Igors"]
[Result "1-0"]
[WhiteElo "2425"]
[BlackElo "2520"]

1.e4 c5 2.c3 Nf6 3.e5 Nd5 4.d4 cxd4 5.Nf3 e6 6.cxd4 d6 7.a3 Nc6 8.Bd3 Be7
9.O-O dxe5 10.dxe5 g5 11.Bb5 Bd7 12.Re1 Qb6 13.Qe2 O-O-O 14.Nc3 g4 15.Nxd5 exd5
16.Ng5 Rhg8 17.Bxc6 Bxc6 18.Nxf7 Rde8 19.Bf4 d4 20.e6 Qb5 21.Qxb5 Bxb5 22.Rac1+ Bc6
23.b4 a6 24.Rc4 Rg6 25.Rxd4 Rf6 26.Bd6 Bd8 27.Nxd8 Rxd8 28.Re3 Re8 29.e7 h5
30.Bg3 Rf5 31.Red3 b5 32.Rd8+ Kb7 33.Rxe8 Bxe8 34.Rd8 h4 35.Rxe8 hxg3 36.Rb8+  1-0

[Event "FRA-chT"]
[Site "FRA"]
[Date "1998.02.07"]
[Round "2"]
[White "Cursoux, Laurent"]
[Black "Guadalpi, David"]
[Result "0-1"]
[WhiteElo "2190"]
[BlackElo "2260"]

1.e4 c5 2.c3 Nf6 3.e5 Nd5 4.d4 cxd4 5.cxd4 e6 6.Nf3 d6 7.a3 Be7 8.Bd3 Qc7
9.O-O Nd7 10.Re1 dxe5 11.dxe5 O-O 12.Nc3 Nxc3 13.bxc3 Rd8 14.Ng5 g6 15.Qf3 Nxe5
16.Rxe5 f6 17.Bf4 Rxd3 18.Qxd3 fxe5 19.Bd2 Qd8 20.Qxd8+ Bxd8 21.Re1 a5 22.Rxe5 Ra6
23.Be3 Rd6 24.h4 Rd1+ 25.Kh2 Bc7 26.Bf4 Bxe5 27.Bxe5 Ra1 28.Bd6 Ra2 29.Kg3 b5
30.f3 Bd7 31.Ne4 Bc6 32.Nf6+ Kg7 33.Ng4 Bd5 34.Ne5 Rc2 35.Ng4 Kf7 36.Be5 Ke7
37.Nf6 Bc4 38.Nxh7  0-1

[Event "Budapest FS02 GM"]
[Site "Budapest"]
[Date "1998.02.09"]
[Round "3"]
[White "Blauert, Joerg"]
[Black "Hodjko, Vjaceslav"]
[Result "1/2-1/2"]
[WhiteElo "2395"]
[BlackElo "2380"]

1.e4 c5 2.c3 Nf6 3.e5 Nd5 4.d4 e6 5.Nf3 d6 6.Bc4 Nb6 7.Bb3 dxe5 8.Nxe5 N8d7
9.Qe2 Nxe5 10.dxe5 Qc7 11.c4 Bd7 12.Nc3 Be7 13.O-O Bc6 14.Bc2 O-O-O 15.f4 g6
16.Be3 Nd7 17.Rad1 Nb8 18.Rxd8+ Rxd8 19.Rd1 Rxd1+ 20.Qxd1 Qd7 21.Qxd7+  1/2-1/2

[Event "Calcutta Goodricke op"]
[Site "Calcutta"]
[Date "1998.02.09"]
[Round "4"]
[White "Sharma, Dinesh K"]
[Black "Kunte, Abhijit"]
[Result "0-1"]
[WhiteElo "2320"]
[BlackElo "2460"]

1.e4 c5 2.c3 Nf6 3.e5 Nd5 4.d4 cxd4 5.Nf3 e6 6.Bc4 d6 7.cxd4 Be7 8.O-O O-O
9.a3 b6 10.Qe2 Bb7 11.Bd2 Nd7 12.Nc3 Nxc3 13.Bxc3 Rc8 14.Bd3 dxe5 15.dxe5 Nc5
16.Rfd1 Nxd3 17.Rxd3 Qc7 18.Rd4 Rfd8 19.Rg4 Qd7 20.Rd4 Qc6 21.Rf4 Rd7 22.h4 h5
23.Kh2 Qd5 24.Rd4 Qc6 25.Rf4 g5 26.hxg5 Bxg5 27.Rb4 a5 28.Rd4 Rxd4 29.Bxd4 Bf4+
30.Kg1 Rd8 31.Bc3 Qe4 32.Qb5 Qg6 33.Ne1 Be4 34.Qxb6 Rd5 35.Qa6 Qg5 36.Qe2 Qh4
37.f3 Bf5 38.b4 Bh2+ 39.Kf1 Bg3 40.Qe3 Qc4+ 41.Kg1  0-1

[Event "Budapest FS02 GM"]
[Site "Budapest"]
[Date "1998.02.11"]
[Round "5"]
[White "Keitlinghaus, Ludger"]
[Black "Hodjko, Vjaceslav"]
[Result "1-0"]
[WhiteElo "2500"]
[BlackElo "2380"]

1.e4 c5 2.c3 Nf6 3.e5 Nd5 4.Nf3 Nc6 5.d4 d6 6.exd6 exd6 7.Bb5 cxd4 8.Nxd4 Bd7
9.Nf3 Nf6 10.O-O Be7 11.Bg5 a6 12.Be2 Be6 13.Nbd2 O-O 14.Nb3 h6 15.Bh4 Bf5
16.Nfd4 Be4 17.Bd3 d5 18.Re1 Re8 19.f3 Bxd3 20.Qxd3 Qb6 21.Bf2 Qc7 22.Nf5 Bf8
23.Bd4 Nxd4 24.Qxd4 Qc6 25.Qd2 Rxe1+ 26.Rxe1 Re8 27.Rxe8 Qxe8 28.g3 Qe5 29.Ne3 g6
30.Kg2 h5 31.Qd4 Qxd4 32.Nxd4 Bc5 33.h4 b5 34.Ndc2 Bd6 35.g4 hxg4 36.fxg4 Nd7
37.Nxd5 Ne5 38.Nce3 a5 39.Nf6+ Kf8 40.h5 gxh5 41.gxh5 Nd3 42.Nf5 Bf4 43.Kf3 Bc1
44.b3 b4 45.c4 Bb2 46.Ne4 Nc1 47.c5 Nxa2 48.Ned6 Nc3 49.c6 Nd5 50.Nc4 a4
51.bxa4 Bf6 52.a5 Nc7 53.Nd2 Ke8 54.Ke4 Kd8 55.Nb3 Na6 56.Kd5 Kc7 57.Nd6 Bb2
58.Nxf7 Bg7 59.Ng5 Kb8 60.Ne6 Bh6 61.Nbc5 Nxc5 62.Nxc5 Bf8 63.Nb3 Kc7 64.Nd4  1-0

[Event "Budapest FS02 GM"]
[Site "Budapest"]
[Date "1998.02.11"]
[Round "5"]
[White "Blauert, Joerg"]
[Black "Czebe, Attila"]
[Result "1/2-1/2"]
[WhiteElo "2395"]
[BlackElo "2475"]

1.e4 c5 2.c3 Nf6 3.e5 Nd5 4.d4 cxd4 5.Nf3 e6 6.cxd4 b6 7.Nc3 Nxc3 8.bxc3 Bb7
9.Bd3 Qc7 10.Bd2 d6 11.O-O Nc6 12.Re1 dxe5 13.Nxe5 Nxe5 14.Rxe5 Bd6 15.Rh5 g6
16.Bb5+ Ke7 17.Qg4 gxh5 18.Qg5+ Kf8 19.Qh6+  1/2-1/2

[Event "AUT-chT3 9798"]
[Site "Vorarlberg "]
[Date "1998.02.27"]
[Round "9"]
[White "Wohlfart, Hubert"]
[Black "Schmidlechner, Alexander"]
[Result "0-1"]
[WhiteElo "2131"]
[BlackElo "2083"]

1.e4 c5 2.c3 Nf6 3.e5 Nd5 4.d4 cxd4 5.Nf3 Nc6 6.cxd4 d6 7.exd6 Qxd6 8.Nc3 g6
9.Bb5 Bg7 10.O-O O-O 11.Re1 Bg4 12.Be3 Rfd8 13.Ne4 Qd7 14.Nc5 Qc7 15.Rc1 Qb6
16.Bxc6 bxc6 17.b3 e5 18.Bg5 Nf6 19.Rxe5 h6 20.Bh4 g5 21.Bg3 Nd7 22.Na4 Qb4
23.Rc4 Qxc4 24.bxc4 Nxe5 25.d5 Nxc4 26.d6 Nxd6 27.h3 Ne4 28.Qc2 Bf5 29.Qxc6 Rac8
30.Qb7 Rc1+ 31.Kh2 Rdd1  0-1

[Event "Cappelle op"]
[Site "Cappelle la Grande"]
[Date "1998.02.28"]
[Round "9"]
[White "Berelovich, Aleksandar"]
[Black "Sziebert, Adam"]
[Result "0-1"]
[WhiteElo "2515"]
[BlackElo "2390"]

1.e4 c5 2.c3 Nf6 3.e5 Nd5 4.Nf3 Nc6 5.Bc4 Nb6 6.Bb3 c4 7.Bc2 Qc7 8.Qe2 g5
9.Nxg5 Qxe5 10.d4 cxd3 11.Bxd3 Qxe2+ 12.Bxe2 h6 13.Nf3 d5 14.Na3 Bg7 15.Nb5 O-O
16.Be3 Nc4 17.Nc7 Rb8 18.Nxd5 Nxb2 19.Nd4 Be6 20.Nxc6 bxc6 21.Nxe7+ Kh8 22.O-O Na4
23.Nxc6 Nxc3 24.Bf3 Rb2 25.a4 a6 26.Nd4 Bd5 27.Bg4 Rb4 28.Rad1 Nxd1 29.Rxd1 Bb7
30.Kf1 Rd8 31.Nf5 Bxg2+ 32.Kxg2 Rxg4+ 33.Kf3 Rxd1 34.Kxg4 Ra1 35.Nxh6 Rxa4+
36.Kf5 Bxh6 37.Bxh6 Rh4 38.Bf4 a5 39.Bg3 Rc4 40.Ke5 a4 41.Kd5 Rc8 42.Be5+ Kh7
43.Bb2 Rc2  0-1

[Event "Debrecen"]
[Site "Debrecen"]
[Date "1998.02.28"]
[Round "12"]
[White "Egri, Laszlo"]
[Black "Menyhart, Tibor"]
[Result "1-0"]
[WhiteElo "2150"]
[BlackElo "2235"]

1.e4 c5 2.c3 Nf6 3.e5 Nd5 4.d4 cxd4 5.cxd4 d6 6.Nf3 Nc6 7.Bc4 e6 8.O-O Nb6
9.Bb5 a6 10.Bxc6+ bxc6 11.exd6 Bxd6 12.Nc3 O-O 13.Ne4 Be7 14.Qc2 a5 15.Re1 Ba6
16.Nfg5 g6 17.h4 Qxd4 18.Be3 Qc4 19.Rac1 Qxc2 20.Rxc2 Nc4 21.Bd4 e5 22.Bc5 Rfe8
23.b3 h6 24.bxc4 hxg5 25.hxg5 Kg7 26.Bxe7 Rxe7 27.Rd1 Bc8 28.Rd8 Rd7 29.Re8 f5
30.gxf6+ Kf7 31.Rxe5 Ba6 32.g4 c5 33.g5 Rd4 34.Re7+ Kf8 35.Nxc5 Bxc4 36.Rxc4 Rxc4
37.Ne6+ Kg8 38.f7+ Kh8 39.Re8+  1-0

[Event "CZE-chT 9798"]
[Site "CZE"]
[Date "1998.03.08"]
[Round "9"]
[White "Korenek, Petr"]
[Black "Orsag, Milan"]
[Result "0-1"]
[WhiteElo "2250"]
[BlackElo "2365"]

1.e4 c5 2.c3 Nf6 3.e5 Nd5 4.g3 Nc6 5.Nf3 d6 6.exd6 Bg4 7.Bg2 e6 8.Qa4 Bxf3
9.Bxf3 Bxd6 10.Qb3 O-O 11.O-O Rb8 12.d4 cxd4 13.Bxd5 exd5 14.Qxd5 Qf6 15.Bg5 Qg6
16.Nd2 h6 17.Nc4 Bc7 18.Bc1 Rfd8 19.Qf3 b5 20.Nd2 Ne5 21.Qg2 dxc3 22.bxc3 Qc2
23.Nb3 Nc4 24.Be3 Nxe3 25.fxe3 Qxc3 26.Qf3 Bb6 27.Qxf7+ Kh8 28.Kh1 Bxe3 29.Qf3 Rbc8
30.Rae1 Bb6 31.Qxc3 Rxc3 32.Re2 Kh7 33.Kg2 Rdc8 34.Rf3 Rc2  0-1

[Event "AUT-chT2O 9798"]
[Site "Austria"]
[Date "1998.03.12"]
[Round "12"]
[White "Hangweyrer, Manfred"]
[Black "Videki, Sandor"]
[Result "1/2-1/2"]
[WhiteElo "2385"]
[BlackElo "2440"]

1.e4 c5 2.c3 Nf6 3.e5 Nd5 4.d4 cxd4 5.Nf3 Nc6 6.Bc4 Nb6 7.Bb3 d6 8.exd6 Qxd6
9.O-O Be6 10.cxd4 Bxb3 11.Qxb3 e6 12.Nc3 Be7 13.Nb5 Qd8 14.Bf4 O-O 15.Bc7 Qd7
16.Bxb6 axb6 17.Rfd1 Qd5 18.Qd3 Nb4 19.Qe2 Qh5 20.Nc3 Rfd8 21.Qe4 Nd5 22.h3 Bf6
23.Ne2 Rac8 24.Rac1 Rc6 25.Nf4 Nxf4 26.Qxf4 Qd5 27.Rxc6 bxc6 28.Rc1 Rc8 29.b3 h6
30.Rc4 Qd7 31.Qe4 Qd5  1/2-1/2

[Event "AUT-chT2O 9798"]
[Site "Austria"]
[Date "1998.03.12"]
[Round "12"]
[White "Woeber, Friedrich"]
[Black "Dornauer, Joachim"]
[Result "1-0"]
[WhiteElo "2195"]
[BlackElo "2195"]

1.e4 c5 2.c3 Nf6 3.e5 Nd5 4.d4 cxd4 5.Nf3 e6 6.cxd4 d6 7.a3 Nc6 8.Bd3 dxe5
9.dxe5 Be7 10.O-O O-O 11.Qe2 b6 12.Rd1 Bb7 13.Qe4 g6 14.Bh6 Re8 15.Nbd2 Na5
16.Qe2 Rc8 17.Rac1 Rxc1 18.Rxc1 Qb8 19.b4 Nc6 20.h4 Rc8 21.h5 Nd8 22.Nc4 Rc7
23.Qb2 Qc8 24.Nd6 Rxc1+ 25.Bxc1 Qd7 26.hxg6 hxg6 27.Nxb7 Nxb7 28.Qc2 Kg7
29.Qd2 Nf4 30.Ba6 Nd5 31.Qh6+ Kg8 32.Ng5 Bxg5 33.Bxg5 Nd8 34.Bf6 Nxf6 35.exf6 Qd1+
36.Bf1  1-0

[Event "AUT-chT2S 9798"]
[Site "Austria"]
[Date "1998.03.13"]
[Round "9"]
[White "Schigan, Manfred"]
[Black "Gelbmann, Norbert"]
[Result "0-1"]
[WhiteElo "2290"]
[BlackElo "2250"]

1.e4 c5 2.c3 Nf6 3.e5 Nd5 4.d4 cxd4 5.Qxd4 e6 6.Nf3 Nc6 7.Qe4 f5 8.Qe2 b6
9.g3 Be7 10.Bg2 O-O 11.O-O Nc7 12.Rd1 a5 13.c4 Na6 14.Nc3 Bb7 15.Ne1 Nc5
16.f4 Qb8 17.Be3 Nb4 18.Rd2 Nba6 19.Rad1 Bc6 20.Nc2 Ne4 21.Nxe4 fxe4 22.Nd4 Bb7
23.Nb5 Bc6 24.Nd6 Bxd6 25.Rxd6 Qb7 26.Bf2 Nb4 27.a3 Nd3 28.Bd4 Rf7 29.Qe3 Rb8
30.Rd2 a4 31.Re2 Qa6 32.Rc2 Qb7 33.h4 g6 34.Kh2 Kg7 35.Bc3 Rbf8 36.Re2 Nxf4
37.gxf4 Rxf4 38.Qg3 h5 39.Bd2 Rg4 40.Qh3 Rf5 41.Be1 Qb8 42.Qc3 Qf8 43.Bg3 g5
44.hxg5 Rfxg5 45.Be1 Qf4+ 46.Kg1 Qf3 47.Qc2 h4 48.Rf2 Qe3 49.Kh2 h3  0-1

[Event "Clarin GP f"]
[Site "Villa Gisell"]
[Date "1998.03.13"]
[Round "7"]
[White "Hoffman, Alejandro"]
[Black "Sunye Neto, Jaime"]
[Result "1/2-1/2"]
[WhiteElo "2510"]
[BlackElo "2515"]

1.e4 c5 2.c3 Nf6 3.e5 Nd5 4.d4 cxd4 5.Nf3 Nc6 6.cxd4 d6 7.Bc4 Nb6 8.Bb3 dxe5
9.d5 Na5 10.Nc3 Nxb3 11.Qxb3 g6 12.Nxe5 Bg7 13.Bf4 O-O 14.Rd1 Nd7 15.Nxd7 Qxd7
16.O-O b6 17.Rfe1 Bb7 18.Be5 Rfe8 19.h4 Rad8 20.Bxg7 Kxg7 21.Re5 Qg4 22.Re4 Qf5
23.Qa3 Rd7 24.Qxa7 Bxd5 25.Qa4 Red8 26.Red4 e6 27.Qb4 Rd6 28.Nb5 R6d7 29.Nc3 Rd6
30.Ne4 Rc6 31.Qe7 Ra8 32.Nd6 Qf6 33.Ne8+ Rxe8 34.Qxe8 Rc2 35.R4d2 Qxb2 36.Rxc2 Qxc2
37.Re1 Qc3 38.Re3 Qa1+ 39.Kh2 Qf6 40.Kg1 Qxh4 41.Qb5 Qd4 42.a3 h5 43.Qd3 Qg4
44.f3 Qf4 45.Qc3+ f6 46.Re1 h4 47.Qe3 Qd6 48.Rb1 h3 49.Rxb6 Qg3 50.Rb2 hxg2
51.Rxg2 Qb8 52.Qc3 Qb1+ 53.Kh2 Qb8+ 54.Kg1 Qb1+ 55.Kf2 Qb6+ 56.Ke2 Qb5+ 57.Kd2 e5
58.Rg4 Qf1 59.Qd3 Qf2+ 60.Kc1 Qc5+ 61.Kb2 Qb6+  1/2-1/2

[Event "AUT-chT2S 9798"]
[Site "Austria"]
[Date "1998.03.14"]
[Round "10"]
[White "Schigan, Manfred"]
[Black "Schieder, Andreas"]
[Result "1/2-1/2"]
[WhiteElo "2290"]
[BlackElo "2125"]

1.e4 c5 2.c3 Nf6 3.e5 Nd5 4.d4 cxd4 5.Nf3 e6 6.cxd4 Qc7 7.Bd2 b6 8.Nc3 Nxc3
9.bxc3 Bb7 10.Bd3 d6 11.O-O Nd7 12.Re1 dxe5 13.Nxe5 Nxe5 14.Rxe5 Bd6 15.Rh5 g6
16.Rh3 O-O 17.Qg4 f5 18.Qh4 Rf7 19.Be2 Re8 20.f4 Bd5 21.Qf2 Bc4 22.Bxc4 Qxc4
23.Re3 Qc7  1/2-1/2

[Event "DEN-chT 9798"]
[Site "Denmark"]
[Date "1998.03.14"]
[Round "6"]
[White "Pedersen, Daniel Vesterbaek"]
[Black "Jorgensen, Brian Jorgen"]
[Result "1/2-1/2"]
[WhiteElo "2335"]
[BlackElo "2285"]

1.e4 c5 2.c3 Nf6 3.e5 Nd5 4.d4 cxd4 5.Nf3 e6 6.cxd4 b6 7.Bd3 Bb4+ 8.Bd2 Bxd2+
9.Qxd2 Ba6 10.Be4 Nc6 11.Bxd5 exd5 12.Nc3 Nb4 13.Nb5 Nc2+ 14.Qxc2 Bxb5 15.Qb3 Bc4
16.Qa3 d6 17.Qxd6 Qxd6 18.exd6 f6 19.Kd2 Kd7 20.b3 Ba6 21.Rhe1 Kxd6 22.Nh4 g6
23.Re3 Rhe8 24.Rae1 Bb5 25.Rxe8 Rxe8 26.Rxe8 Bxe8 27.g3 Bd7 28.Ng2 Bg4 29.a3 g5
30.Ne3 Bf3 31.Nc2 Be4 32.Nb4 Kc7 33.Na2 Kc6 34.Nc3 h6 35.Ke3 Bc2 36.b4 a5
37.bxa5 bxa5 38.h4 Bg6 39.hxg5 hxg5 40.f4 g4 41.Kd2 Be4 42.Kc1 f5 43.Kb2 Bd3
44.Kb3 Bc4+ 45.Kc2 Bf1 46.Nd1 Be2 47.Ne3 Bf3 48.Kb3 Be4 49.Nd1 Bd3 50.Nb2 Be2
51.Kc2 Kb5 52.Kc3 Bf1 53.Nd1 Bg2 54.Kb3 a4+ 55.Kc3 Bf3 56.Ne3 Be4 57.Kd2 Bf3
58.Nxf5 Kc4 59.Nh4 Kxd4 60.Nxf3+ gxf3 61.g4 f2 62.Ke2 Kc3 63.g5 d4 64.g6 d3+
65.Kxf2 d2 66.g7 d1=Q 67.g8=Q Qd4+ 68.Kf3 Kb2 69.Qf8 Qd3+ 70.Kg4 Qxa3 71.Qxa3+ Kxa3
72.f5 Kb2 73.f6 a3 74.f7 a2 75.f8=B a1=N 76.Ba3+ Kxa3  1/2-1/2

[Event "Amber-blind 7th"]
[Site "Monte Carlo"]
[Date "1998.03.25"]
[Round "10"]
[White "Sadler, Matthew"]
[Black "Shirov, Alexei"]
[Result "1/2-1/2"]
[WhiteElo "2650"]
[BlackElo "2710"]

1.e4 c5 2.c3 Nf6 3.e5 Nd5 4.Nf3 Nc6 5.d4 cxd4 6.cxd4 d6 7.Bc4 Nb6 8.Bb5 dxe5
9.Nxe5 Bd7 10.Nxd7 Qxd7 11.Nc3 e6 12.O-O Be7 13.Qg4 O-O 14.Rd1 Rfd8 15.Bh6 Bf8
16.Bg5 Be7 17.Bh6 Bf8 18.Bg5 Be7 19.Bh6  1/2-1/2

[Event "Vecernjakov GP"]
[Site "Sarajevo"]
[Date "1998.03.31"]
[Round "1"]
[White "Kurajica, Bojan"]
[Black "Kozul, Zdenko"]
[Result "1/2-1/2"]
[WhiteElo "2580"]
[BlackElo "2585"]

1.e4 c5 2.c3 Nf6 3.e5 Nd5 4.Nf3 Nc6 5.Bc4 e6 6.O-O d6 7.exd6 Bxd6 8.d4 cxd4
9.Nxd4 Nxd4 10.Qxd4 O-O 11.Nd2 Qc7 12.Nf3 e5 13.Qd3 Nf6 14.Ng5 h6 15.Ne4 Nxe4
16.Qxe4 Kh8 17.Bd5 f5 18.Qc4 Qe7 19.f4 e4 20.Be3 Bd7 21.Rad1 Rac8 22.Qe2 b6
23.Rd2 Bc5 24.b3 Be8 25.Kh1 Bxe3 26.Qxe3 Bh5 27.c4 Rcd8 28.h3 Rd6 29.Rd4 Rfd8
30.Rf2 Qf6 31.Kh2 R6d7 32.Rf1 Qd6 33.g4 fxg4 34.hxg4 Bxg4 35.Rxe4 Qg6 36.Re5 Bf5
37.Qg3 Qf6 38.Rfe1 Rf8 39.Re8 Rd6 40.R1e5 Rd8 41.R8e7 Rd7 42.Re8 Rd8 43.R8e7 Rd7
44.Re8 Rd8  1/2-1/2

[Event "FRA-chT"]
[Site "FRA"]
[Date "1998.04.04"]
[Round "6"]
[White "Werner, Isabel"]
[Black "Guadalpi, Celine"]
[Result "1-0"]
[WhiteElo "2215"]
[BlackElo "2005"]

1.e4 c5 2.c3 Nf6 3.e5 Nd5 4.d4 cxd4 5.Nf3 e6 6.cxd4 b6 7.Nc3 Nxc3 8.bxc3 Qc7
9.Bd2 Bb7 10.Bd3 d6 11.O-O Nd7 12.Ng5 dxe5 13.Qh5 g6 14.Qh3 Be7 15.Rfe1 Rf8
16.Qxh7 Nf6 17.Qh3 O-O-O 18.Nxf7 Rxf7 19.Qxe6+ Kb8 20.Qxf7 e4 21.Bf1 Rh8
22.g3 e3 23.Bxe3 Qc6 24.d5 Nxd5 25.Bg2  1-0

[Event "FRA-chT"]
[Site "FRA"]
[Date "1998.04.05"]
[Round "7"]
[White "Werner, Veronika"]
[Black "Dezan, Pierre"]
[Result "1-0"]
[WhiteElo "2225"]
[BlackElo "2210"]

1.e4 c5 2.c3 Nf6 3.e5 Nd5 4.d4 cxd4 5.Nf3 e6 6.cxd4 b6 7.Nc3 Nxc3 8.bxc3 Be7
9.Bd3 Ba6 10.O-O Bxd3 11.Qxd3 O-O 12.c4 d5 13.exd6 Qxd6 14.Bb2 Nc6 15.Rfe1 Rfd8
16.Rad1 Qb4 17.Ba1 Bf6 18.d5 Bxa1 19.Ng5 g6 20.Qh3 h5 21.Rxa1 exd5 22.Nxf7 Re8
23.Nh6+ Kg7 24.Qd7+ Re7 25.Rxe7+ Nxe7 26.a3 Qc3 27.Qxe7+ Kxh6 28.Re1 dxc4
29.h4 Rg8 30.g4 Rg7 31.Qg5+ Kh7 32.Re8 hxg4 33.h5 Qd3 34.hxg6+ Rxg6 35.Qh5+  1-0

[Event "FRA-chT"]
[Site "FRA"]
[Date "1998.04.05"]
[Round "7"]
[White "Marcelin, Cyril"]
[Black "Lazarev, Vladimir"]
[Result "1/2-1/2"]
[WhiteElo "2375"]
[BlackElo "2490"]

1.e4 c5 2.c3 Nf6 3.e5 Nd5 4.d4 cxd4 5.Nf3 Nc6 6.Bc4 Nb6 7.Bb3 g6 8.cxd4 d5
9.h3 Bg7 10.O-O O-O 11.Nc3 f6 12.exf6 exf6 13.Bf4 g5 14.Bh2 g4 15.hxg4 Bxg4
16.Qd3 Bxf3 17.Qxf3 Nxd4 18.Bxd5+ Nxd5 19.Qxd5+ Qxd5  1/2-1/2

[Event "FRA-chT"]
[Site "FRA"]
[Date "1998.04.05"]
[Round "7"]
[White "Guadalpi, Celine"]
[Black "Buchy, Daniel"]
[Result "0-1"]
[WhiteElo "2005"]
[BlackElo "2215"]

1.e4 c5 2.c3 Nf6 3.e5 Nd5 4.d4 cxd4 5.Nf3 Nc6 6.Bc4 Nb6 7.Bb3 e6 8.cxd4 d6
9.exd6 Bxd6 10.Nc3 h6 11.O-O Be7 12.a3 Na5 13.Ba2 Bd7 14.Ne5 Nc6 15.Ne4 Nxe5
16.dxe5 Bc6 17.Qg4 Kf8 18.Re1 Qd4 19.Bd2 Qxb2 20.Bc3 Qc2 21.Bb4 Bxb4 22.axb4 h5
23.Qf4 Kg8 24.Nd6 Qg6 25.f3 Nd5 26.Bxd5 Bxd5 27.Rec1 h4 28.h3 Rh5 29.Rc8+ Rxc8
30.Nxc8 Qg5 31.Qxg5 Rxg5 32.Ne7+ Kf8 33.Nxd5 exd5 34.Rxa7 Rxe5 35.Rxb7 Re1+
36.Kf2 Rb1 37.Rd7 Rb2+ 38.Kf1 Rd2 39.b5 Ke8 40.Ra7 Rb2 41.Ra5 Ke7 42.b6 Ke6
43.Ra6 Ke5 44.Ra7 Rxb6 45.Rxf7 Rb1+ 46.Ke2 Rb2+ 47.Kf1 g5 48.Ra7 Rc2 49.Ra4 d4
50.Ra8 d3 51.Rd8 d2 52.Rd7 Kf4 53.Rd3 Rc1+ 54.Ke2 d1=Q+ 55.Rxd1 Rxd1 56.Kxd1 Kg3
57.Ke1 Kxg2 58.Ke2 Kxh3 59.Kf2 Kh2  0-1

[Event "Metz op"]
[Site "Metz"]
[Date "1998.04.07"]
[Round "3"]
[White "Scavo, Fernando"]
[Black "Timoshchenko, Gennadi A"]
[Result "0-1"]
[WhiteElo "2255"]
[BlackElo "2520"]

1.e4 c5 2.c3 Nf6 3.e5 Nd5 4.d4 cxd4 5.Nf3 e6 6.cxd4 d6 7.a3 Bd7 8.Bd3 Bc6
9.O-O Nd7 10.Qe2 Be7 11.Nc3 Nxc3 12.bxc3 dxe5 13.Nxe5 Nxe5 14.Qxe5 O-O 15.Qh5 g6
16.Qg4 Qa5 17.Bb2 Rfd8 18.Rfe1 Bf6 19.Qf4 Bg7 20.Rad1 Rd7 21.Qg3 Rad8 22.f4 Ba4
23.Rc1 Bb5 24.Bb1 Bc4 25.Re5 Qb6 26.Qf2 Bxe5 27.fxe5 f6 28.exf6 Rf8 29.g4 Rxf6
30.Qxf6 Rf7 31.Qxf7+ Kxf7 32.Rc2 Ke8 33.Rf2 Kd7 34.Bc2 e5 35.Ba4+ Ke6 36.g5 Kd5
37.Be8 Ke4 38.dxe5 Qe6 39.Ba4 Qg4+ 40.Kh1 Be2 41.Bb3 Ke3  0-1

[Event "Metz op"]
[Site "Metz"]
[Date "1998.04.07"]
[Round "3"]
[White "Rechel, Bernd"]
[Black "Kotronias, Vasilios"]
[Result "0-1"]
[WhiteElo "2395"]
[BlackElo "2570"]

1.e4 c5 2.c3 Nf6 3.e5 Nd5 4.d4 cxd4 5.Nf3 Nc6 6.Bc4 Nb6 7.Bb3 d5 8.exd6 Qxd6
9.O-O Be6 10.Na3 dxc3 11.Qe2 Bxb3 12.axb3 g6 13.Nb5 Qb8 14.Rd1 Bg7 15.bxc3 O-O
16.Qe4 a6 17.Nbd4 Nxd4 18.cxd4 Qc7 19.Ba3 Qd7 20.Rac1 Nd5 21.Rc5 Rfd8 22.Rdc1 Qf5
23.Qc2 Qxc2 24.R5xc2 Bh6 25.Re1 e6 26.Bc1 Bf8 27.Bg5 Rdc8 28.Rec1 Rxc2 29.Rxc2 a5
30.Kf1 b5 31.Bd2 a4 32.bxa4 bxa4 33.Ra2 f6 34.Ke2 g5 35.Kd3 h5 36.Ne1 Bd6
37.h3 h4 38.Nc2 Kf7 39.Na3 Bb4 40.Bc1 Bxa3 41.Rxa3 Kg6 42.Bd2 Ra7 43.Ke4 Ra6
44.Kd3 Ra8 45.Ke4 Nc7 46.Kd3 Nb5 47.Ra2 a3 48.Bb4 Rc8 49.Ra1 Kf5 50.Ra2 Rc1
51.Ke3 Rb1 52.Bd2 Rb3+  0-1

[Event "Vecernjakov GP"]
[Site "Sarajevo"]
[Date "1998.04.07"]
[Round "6"]
[White "Nurkic, Sahbaz"]
[Black "Cvitan, Ognjen"]
[Result "0-1"]
[WhiteElo "2460"]
[BlackElo "2560"]

1.e4 c5 2.c3 Nf6 3.e5 Nd5 4.d4 cxd4 5.Nf3 d6 6.cxd4 Nc6 7.Bc4 e6 8.O-O Be7
9.Qe2 O-O 10.a3 Bd7 11.Bd2 Qb6 12.Qe4 dxe5 13.dxe5 Qxb2 14.Ra2 Qb6 15.Qg4 Rfd8
16.Bh6 Bf8 17.Nbd2 Qc7 18.Re1 Nde7 19.Bg5 Be8 20.Ne4 Ng6 21.Bxd8 Rxd8 22.Rae2 Be7
23.Ned2 Bxa3 24.Ng5 Bb4 25.Ndf3 Bxe1 26.Rxe1 h6 27.Ne4 Ncxe5 28.Nxe5 Nxe5
29.Qg3 Qxc4 30.Qxe5 Bc6 31.Ng3 Qd4  0-1

[Event "Dreifluesse op"]
[Site "Passau"]
[Date "1998.04.10"]
[Round "1"]
[White "Schoellmann, Jochen"]
[Black "Recklingloh, Frank"]
[Result "0-1"]
[WhiteElo "2370"]
[BlackElo "1925"]

1.e4 c5 2.c3 Nf6 3.e5 Nd5 4.d4 cxd4 5.Nf3 Nc6 6.Bc4 Nb6 7.Bb3 d5 8.exd6 Qxd6
9.O-O Be6 10.Bxe6 Qxe6 11.Nxd4 Nxd4 12.Qxd4 Rd8 13.Qb4 Qe2 14.Be3 e6 15.Qb3 Be7
16.Na3 O-O 17.Bxb6 axb6 18.Qxb6 Rd2 19.b4 Bf6 20.Nb5 Qd3 21.Qxb7 Rd8 22.h3 h6
23.a4 Rd5 24.Rac1 Rf5 25.Nd4 Bxd4 26.cxd4 Qxd4 27.a5 Rb2 28.Qc8+ Kh7 29.Qc4 Rfxf2
30.Rc2 Rfxc2+  0-1

[Event "Dreifluesse op"]
[Site "Passau"]
[Date "1998.04.10"]
[Round "1"]
[White "Sermek, Drazen"]
[Black "Christensen, Nils"]
[Result "0-1"]
[WhiteElo "2510"]
[BlackElo "1985"]

1.e4 c5 2.c3 Nf6 3.e5 Nd5 4.Nf3 d6 5.Bc4 e6 6.d4 Nc6 7.O-O cxd4 8.cxd4 dxe5
9.dxe5 Nb6 10.Qxd8+ Nxd8 11.Bb3 Bd7 12.Nc3 Be7 13.a4 Rc8 14.a5 Nc4 15.Rd1 Rc5
16.Bxc4 Rxc4 17.Be3 Bc6 18.Nd2 Rg4 19.f3 Rb4 20.b3 a6 21.Rac1 f5 22.exf6 gxf6
23.Kf2 Nf7 24.Ne2 Ne5 25.Rc3 Kf7 26.h3 Rd8 27.f4 Ng6 28.g3 h5 29.h4 f5 30.Rdc1 e5
31.Nc4 exf4 32.Nxf4 Bf6 33.Nxg6 Bxc3 34.Rxc3 Kxg6 35.Bc5 Rb5 36.b4 Rd5 37.Nd6 Rxd6
38.Bxd6 Rd5 39.Bc5 f4 40.gxf4 Kf5 41.Ke3 Rd1 42.Bb6 Re1+ 43.Kd4 Re4+ 44.Kc5 Rxf4
45.Bd8 Ke6 46.Rb3 Rf5+ 47.Kb6 Kd7 48.Bg5 Rb5+ 49.Ka7 Ke6 50.Bd8 Kd5 51.Be7 Kc4
52.Re3 Rd5 53.Kb6 Rd4 54.Rh3 Re4 55.Bc5 Rg4 56.Rh2 Bg2 57.Be7 Rg6+ 58.Kc7 Rg4
59.Bd6 Kb5 60.Bf8 Rg8 61.Be7 Rg4 62.Kd7 b6 63.axb6 Kxb6 64.Bg5 Kb5 65.Bd2 Rd4+  0-1

[Event "Metz op"]
[Site "Metz"]
[Date "1998.04.11"]
[Round "7"]
[White "Therkildsen, Thomas"]
[Black "Berend, Fred"]
[Result "0-1"]
[WhiteElo "2025"]
[BlackElo "2350"]

1.e4 c5 2.c3 Nf6 3.e5 Nd5 4.d4 cxd4 5.Nf3 b6 6.cxd4 e6 7.Nc3 Nxc3 8.bxc3 Qc7
9.Bd2 d6 10.Bd3 Nd7 11.Ng5 Bb7 12.O-O dxe5 13.Qh5 g6 14.Qh3 Be7 15.Rfe1 Rc8
16.dxe5 Nc5 17.Bc2 Qd8 18.Qe3 h6 19.Nh3 Qd5 20.Nf4 Qc6 21.Qh3 h5 22.f3 Kd7
23.c4 Kc7 24.Ne2 Rcd8 25.Be3 Nd3 26.Bxd3 Rxd3 27.Nd4 Qa4 28.Nb5+ Kb8 29.Nd6 Bxd6
30.exd6 Qxc4 31.Rac1 Qd5 32.Qh4 e5 33.Qf6 Rc8 34.d7 Qxd7 35.Qxe5+ Ka8 36.Bf4 a5
37.Rxc8+ Qxc8 38.Rc1 Qd8 39.Qb5 Qd4+ 40.Kf1 Qxf4  0-1

[Event "Metz op"]
[Site "Metz"]
[Date "1998.04.11"]
[Round "7"]
[White "Rechel, Bernd"]
[Black "Goossens, Etienne"]
[Result "1-0"]
[WhiteElo "2395"]
[BlackElo "2130"]

1.e4 c5 2.c3 Nf6 3.e5 Nd5 4.d4 cxd4 5.Nf3 Nc6 6.cxd4 d6 7.Bc4 Nb6 8.Bb3 dxe5
9.d5 Na5 10.Nc3 Nxb3 11.Qxb3 e6 12.Nxe5 Bd6 13.Qb5+ Kf8 14.Bf4 f6 15.Nd3 e5
16.Be3 Bf5 17.Nc5 Qe7 18.N5e4 Nc8 19.O-O Kf7 20.Ng3 g6 21.f4 exf4 22.Nxf5 gxf5
23.Bxf4 Bxf4 24.Rxf4 Nd6 25.Qd3 Rae8 26.Rf3 Rhg8 27.Raf1 a6 28.R3f2 Qe3 29.Qxe3 Rxe3
30.Re2 Rxe2 31.Nxe2 Rc8 32.Nd4 Kg6 33.h3 Rc4 34.Ne6 Rc2 35.Rf2 Rc1+ 36.Kh2 Rd1
37.Rc2 h5 38.h4 Ne4 39.Rc7 f4 40.Nxf4+ Kf5 41.Nxh5 Kg4 42.Rc4 Kxh5 43.Rxe4 Rxd5
44.Re6 f5 45.Kg3 Ra5 46.Rf6 Rxa2 47.Rxf5+ Kg6 48.Rf2 a5 49.Kg4 a4 50.h5+ Kg7
51.Kg5 a3 52.h6+ Kg8 53.Kg6  1-0

[Event "Dreifluesse op"]
[Site "Passau"]
[Date "1998.04.11"]
[Round "3"]
[White "Schoellmann, Jochen"]
[Black "Christensen, Nils"]
[Result "1/2-1/2"]
[WhiteElo "2370"]
[BlackElo "1985"]

1.e4 c5 2.c3 Nf6 3.e5 Nd5 4.Bc4 e6 5.Nf3 Nb6 6.Bb3 d6 7.d4 cxd4 8.cxd4 dxe5
9.Nxe5 Nc6 10.Nf3 Be7 11.O-O O-O 12.Nc3 Bf6 13.Be3 Bd7 14.Ne4 Be7 15.Bc2 Nb4
16.Bb1 Ba4 17.Qe2 Rc8 18.Nc3 Bc6 19.Ne5 Bd5 20.a3 Nc6 21.Qd3 g6 22.Nxd5 Qxd5
23.Nf3 Rfd8 24.Ba2 Qf5 25.Qxf5 gxf5 26.Rfd1 Bf6 27.Rd2 Rd7 28.Rad1 Rcd8 29.Kf1 Nd5
30.Bg5 Kg7 31.g3 Rc8 32.Be3 Nce7 33.Ke2 Ng6 34.Ne1 f4 35.gxf4 Ngxf4+ 36.Kf3 Ng6
37.Nd3 b6 38.Ke2 Kf8 39.Bb3 Ke7 40.a4 Nh4 41.Bxd5 exd5 42.Rg1 Nf5 43.Ne5 Bxe5
44.dxe5 Rc4 45.a5 Re4 46.axb6 axb6 47.Kd3 Nxe3 48.fxe3 Rxe5 49.Rg7 Rh5 50.Rf2 Ke6
51.Rg4 Ra7 52.Rgf4 f5 53.Rb4 Rb7 54.h4 Ke5 55.Rc2 Rh6 56.Rc8 Rg7 57.Re8+ Re6  1/2-1/2